Central Library OPAC University of Rajshahi

Capacitors : (Record no. 56342)

MARC details
000 -LEADER
fixed length control field 00855nam a2200253 a 4500
001 - CONTROL NUMBER
control field 56342
003 - CONTROL NUMBER IDENTIFIER
rucl marc code BD-RjUL
005 - DATE AND TIME OF LATEST TRANSACTION
control field 20211209080401.0
008 - FIXED-LENGTH DATA ELEMENTS--GENERAL INFORMATION
fixed length control field 161128r19671946nyua b 001 0 eng
035 ## - SYSTEM CONTROL NUMBER
System control number (BD-RjUL)56466
040 ## - CATALOGING SOURCE
Original cataloging agency DLC
Language of cataloging eng
Transcribing agency DLC
Description conventions rda
Modifying agency BD-RjUL
041 ## - LANGUAGE CODE
Language code of text/sound track or separate title eng
082 00 - DEWEY DECIMAL CLASSIFICATION NUMBER
Classification number 621.315
Edition number 23
Author mark and year BRC 1967
100 ## - MAIN ENTRY--PERSONAL NAME
Personal name Brotherton, Manfred
9 (RLIN) 167643
245 00 - TITLE STATEMENT
Title Capacitors :
Remainder of title theory of operation, behavior and safety regulations /
Statement of responsibility, etc. Manfred Brotherton
260 ## - PUBLICATION, DISTRIBUTION, ETC. (IMPRINT)
Place of publication, distribution, etc. New York :
Name of publisher, distributor, etc. Nostrand,
Date of publication, distribution, etc. 1946[Reprinted 1967]
300 ## - PHYSICAL DESCRIPTION
Pagination ix, 127 pages :
Illustrations illustrations ;
Size 23 cm.
490 0# - SERIES STATEMENT
Series statement Electrical engineering developments
Series statement Energy science, engineering and technology
504 ## - BIBLIOGRAPHY, ETC. NOTE
Bibliography, etc Includes bibliographical references and index.
650 #0 - SUBJECT ADDED ENTRY--TOPICAL TERM
Topical term or geographic name as entry element Capacitors.
9 (RLIN) 167644
700 1# - ADDED ENTRY--PERSONAL NAME
Personal name Muller, Kristofer N.
942 ## - ADDED ENTRY ELEMENTS (KOHA)
Source of classification or shelving scheme Dewey Decimal Classification
Koha item type Books
Holdings
Lost status Source of classification or shelving scheme Damaged status Not for loan Collection code Permanent Location Current Location Shelving location Date acquired Source of acquisition Cost, normal purchase price Total Checkouts Full call number Date last seen Copy number Koha item type
  Dewey Decimal Classification     Non-fiction Central Library, University of Rajshahi Central Library, University of Rajshahi   17/04/1968 Zeitlinger 92.00   621.315 BRC 1967 28/11/2016 C-2 Books